000 00280 a2200121 4500
001 63477
082 _a621.38173 SED
090 _c37513
_d37513
245 _aMicroelectronic circuits
250 _a4
260 _aN Y
_bPrentic-Hall
_c1998
300 _axiii, 1237p.
_bwith CD
942 _aNUST-CAE
_k621.38173 SED
999 _c298550
_d298550